000 00692nam a2200205Ia 4500
005 20260121110014.0
008 008 260114s9999 xx 000 0 hin d
020 _a9788132370420
037 _aEBOOK
040 _aCRL
_bhin
_cCRL
041 _ahin
_2hin
084 _qCRL
100 _aकमलिनी वाधवा / Kamalini Wadhwa
_9940885
245 0 _aडेयरी विज्ञान और प्रौद्योगिकी / Dairy vigyaan aur pradyogiki
260 _bभाषा प्रकाशन / Bhasha Prakashan
_c2022
856 _uhttps://bhashaprakashan.com/product-details/380129
942 _cEBOOK
999 _c1532550
_d1532550